Statistics for 2006: NFL Teams with the Most Points

Click here to take the quiz!

General Stats

  • This quiz has been taken 7 times
  • The average score is 8 of 10

Answer Stats

Number of pointsNFL Team% Correct
385New England Patriots
100%
427Chicago Bears
86%
373Cincinnati Bengals
86%
512Dallas Cowboys
86%
427Indianapolis Colts
86%
413New Orleans Saints
86%
398Philadelphia Eagles
86%
492San Diego Chargers
86%
371Jacksonville Jaguars
71%
367St. Louis Rams
71%

Score Distribution

Percentile by Number Answered

Percent of People with Each Score

Your Score History

You have not taken this quiz